Think critically and creatively : (Record no. 11206)
[ view plain ]
| 000 -LEADER | |
|---|---|
| fixed length control field | 00461nam a22001337a 4500 |
| 008 - FIXED-LENGTH DATA ELEMENTS--GENERAL INFORMATION | |
| fixed length control field | 160629b xxu||||| |||| 00| 0 eng d |
| 020 ## - INTERNATIONAL STANDARD BOOK NUMBER | |
| International Standard Book Number | 7968468039 |
| 050 ## - LIBRARY OF CONGRESS CALL NUMBER | |
| Classification number | B 809.3 .N32 2010 |
| 100 ## - MAIN ENTRY--PERSONAL NAME | |
| Personal name | Namwamba, Tom N. |
| 245 ## - TITLE STATEMENT | |
| Title | Think critically and creatively : |
| Remainder of title | "a thinker's companion " |
| Statement of responsibility, etc. | Tom N. Namwamba |
| 260 ## - PUBLICATION, DISTRIBUTION, ETC. (IMPRINT) | |
| Place of publication, distribution, etc. | Nairobi : |
| Name of publisher, distributor, etc. | Dale Publishers., |
| Date of publication, distribution, etc. | 2010. |
| 300 ## - PHYSICAL DESCRIPTION | |
| Extent | iv, 346p. ; |
| Dimensions | 20cm. |
| 942 ## - ADDED ENTRY ELEMENTS (KOHA) | |
| Source of classification or shelving scheme | |
| Koha item type | Short Loan Books |
| Classification part | B 809.3 .N32 2010 |
| Koha issues (borrowed), all copies | 138 |
| Withdrawn status | Lost status | Source of classification or shelving scheme | Damaged status | Not for loan | Home library | Current library | Shelving location | Date acquired | Total Checkouts | Full call number | Barcode | Date last seen | Date last checked out | Price effective from | Koha item type |
|---|---|---|---|---|---|---|---|---|---|---|---|---|---|---|---|
| MACHAKOS UNIVERSITY LIBRARY | MACHAKOS UNIVERSITY LIBRARY | Short Loan | 29/06/2016 | 62 | B 809.3 .N32 2010 | 587 | 24/09/2025 | 24/09/2025 | 29/06/2016 | Short Loan Books | |||||
| MACHAKOS UNIVERSITY LIBRARY | MACHAKOS UNIVERSITY LIBRARY | Short Loan | 29/06/2016 | 95 | B 809.3 .N32 2010 | 347 | 14/10/2024 | 14/10/2024 | 29/06/2016 | Short Loan Books |